| 000 | 00361nam a22001457a 4500 | ||
|---|---|---|---|
| 999 |
_c15687 _d15687 |
||
| 003 | OSt | ||
| 008 | 190528b ||||| |||| 00| 0 eng d | ||
| 020 | _a9789383285495 | ||
| 082 |
_a664.0015 _bANE/ME |
||
| 100 |
_aAnelich, Nigel _94179 |
||
| 245 | _aMethods in Food Microbiology | ||
| 260 |
_aNew Delhi _bAgri Horti Press _c2017 |
||
| 300 | _a243 p. | ||
| 942 | _cBK | ||